Statistics for Captain Beefheart Albums

Click here to take the quiz!

General Stats

  • This quiz has been taken 17 times
  • The average score is 8 of 13

Answer Stats

Year Album % Correct
1969Trout Mask Replica
100%
1967Safe as Milk
92%
1978Shiny Beast (Bat Chain Puller)
85%
1970Lick My Decals Off, Baby
77%
1972Clear Spot
77%
1972The Spotlight Kid
62%
1968Strictly Personal
54%
1971Mirror Man
54%
1982Ice Cream for Crow
54%
2012*Bat Chain Puller
54%
1974Bluejeans & Moonbeams
46%
1980Doc at the Radar Station
46%
1974Unconditionally Guaranteed
31%

Score Distribution

Percentile by Number Answered

Percent of People with Each Score

Your Score History

You have not taken this quiz